书目信息 |
| 题名: |
衰老问题探密
|
|
| 作者: | 克拉克 著 ;许宝孝 译 | |
| 分册: | ||
| 出版信息: | 上海 复旦大学出版社 2001.06 |
|
| 页数: | 238页 | |
| 开本: | 21cm | |
| 丛书名: | 复旦科普译丛 | |
| 单 册: | ||
| 中图分类: | Q255-49 | |
| 科图分类: | ||
| 主题词: | 细胞--xi bao--衰老--普及读物 | |
| 电子资源: | ||
| ISBN: | 7-309-02894-5 | |
| 000 | 01298nam 2200301 450 | |
| 001 | 012007018831 | |
| 005 | 20070521103735.18 | |
| 010 | @a7-309-02894-5@dCNY16.00 | |
| 100 | @a20070318d2001 km y0chiy0120 ea | |
| 101 | 1 | @achi@ceng |
| 102 | @aCN@b310000 | |
| 105 | @aa a 000yy | |
| 200 | 1 | @a衰老问题探密@Ashuai lao wen ti tan mi@e衰老与死亡的生物学基础@f(美) 威廉·R·克拉克著@F(mei)wei lian·R·ke la ke zhu@g许宝孝译@Gxu bao xiao yi |
| 210 | @a上海@c复旦大学出版社@d2001.06 | |
| 215 | @a238页@c图@d21cm | |
| 225 | 2 | @a复旦科普译丛@Afu dan ke pu yi cong |
| 312 | @a并列题名取自封面。 | |
| 320 | @a有书目(第220-232页)。 | |
| 330 | @a本书描述了在个体细胞水平上衰老如何开始,细胞复制又如何与生物整体的衰老相联系,作者探讨了衰老的进化起源与功能、衰老与癌症间的细胞联系、衰老与早老性痴呆间的相似性以及通过研究诸如沃氏综合征等体现衰老症状的遗传性疾病所获得的见解。 | |
| 410 | 0 | @12001 @a复旦科普译丛 |
| 500 | 10 | @aMeans to an end:the biological basis of aging and death@mchinese |
| 517 | 1 | @a衰老与死亡的生物学基础@Ashuai lao yu si wang de sheng wu xue ji chu |
| 606 | 0 | @a细胞@Axi bao@x衰老@x普及读物 |
| 690 | @aQ255-49@v4 | |
| 701 | 1 | @a克拉克@Ake la ke@g(Clark, William R.)@4著 |
| 702 | 0 | @a许宝孝@Axu bao xiao@4译 |
| 801 | 0 | @aCN@c20070521 |
| 905 | @a10447@dQ255-49@eK633 | |
| 衰老问题探密:衰老与死亡的生物学基础/(美) 威廉·R·克拉克著/许宝孝译.-上海:复旦大学出版社,2001.06 |
| 238页:图;21cm.-(复旦科普译丛) |
| ISBN 7-309-02894-5:CNY16.00 |
| 本书描述了在个体细胞水平上衰老如何开始,细胞复制又如何与生物整体的衰老相联系,作者探讨了衰老的进化起源与功能、衰老与癌症间的细胞联系、衰老与早老性痴呆间的相似性以及通过研究诸如沃氏综合征等体现衰老症状的遗传性疾病所获得的见解。 |
| ● |
| 相关链接 |
|
|
|
正题名:衰老问题探密
索取号:Q255-49/K633
 
预约/预借
| 序号 | 登录号 | 条形码 | 馆藏地/架位号 | 状态 | 备注 |
| 1 | 238005 | 202380057 | 期刊室512/401自科库 27排1列1层/ [索取号:Q255-49/K633] | 在馆 | |
| 2 | 238006 | 202380066 | 自科库401/401自科库 27排1列1层/ [索取号:Q255-49/K633] | 在馆 | |
| 3 | 238007 | 202380075 | 自科库401/401自科库 27排1列1层/ [索取号:Q255-49/K633] | 在馆 |